000 00423nam a2200169 a 4500
001 28313
005 20180713231154.0
008 140415d 000 0 spa d
020 _a9701030729
041 _aspa
082 _a657.42
100 1 _aBENJAMIN FRANKLIN F., ENRIQUE
245 1 0 _aAUDITORIA ADMINISTRATIVA
250 _a1a ed.
260 _a[s.l.] :
_bMC GRAW HILL,
_c[s.f.]
520 _aRP
999 _c28313
_d28313